000 00285nam a22001337a 4500
008 180312b xxu||||| |||| 00| 0 eng d
020 _a0673394182
041 _aeng
080 _a32
100 _a20
101 _aPOL
245 _aInternational politics
_cArt,R,J
942 _2udc
_cBK
999 _c44702
_d44702